Multiple Choice City Quiz - Luxembourg - Statistics

General Stats
  • This quiz has been taken 185 times
  • The average score is 6 of 10
Answer Stats
Question Answer % Correct
The head of state resides in Luxembourg city: what's his official role? Grand Duke
89%
Which languages are spoken in Luxembourg? Luxembourgish, french and german
88%
The Neimënster abbey is a former abbey that was converted into a cultural center: which picture depicts it?
68%
Which founding father of the European Union was born in Luxembourg? Robert Schuman
56%
Which european institution has its seat here? Court of Justice of the European Union
48%
Who founded the castle of Luxembourg, therefore founding the city? Siegfried, the first count of Luxembourg
44%
What's the Schueberfouer? An important annual funfair
43%
Which river flows through Luxembourg? Alzette
39%
How's the central business district called? Kirchberg
38%
What was Luxembourg's surname in the 19th century, prior to the destruction of the fortress? The Gibraltar of the North
38%
No matching quizzes found
Score Distribution
Percent of People with Each Score
Percentile by Number Answered
Your Score History
You have not taken this quiz